[Event "Det Åbne Køgemesterskab 2010/11"]
[Site "Asgård Skole"]
[Date "2010.10.26"]
[Round "1.1"]
[White "Krogh, Peter Ove"]
[Black "Vesterskov, Michael"]
[Result "1-0"]
[WhiteElo "1917"]
[BlackElo "1749"]
[PlyCount "63"]
[EventDate "2010.??.??"]
[WhiteTeam "Køge Skakklub"]
[BlackTeam "Køge Skakklub"]

1. c4 e5 2. g3 Nf6 3. Bg2 Be7 4. e3 O-O 5. Nc3 c6 6. d4 d6 7. Nge2 Be6 8. d5
cxd5 9. cxd5 Bg4 10. f3 Bd7 11. b4 Na6 12. a3 Nc7 13. a4 Na6 14. Rb1 Rc8 15.
O-O Rc4 16. Ba3 Qb6 17. Qd2 Nxb4 18. Kh1 a5 19. Rfc1 Rfc8 20. Bf1 Qc7 21. Bxb4
axb4 22. Na2 Qa5 23. e4 Qxa4 24. Nxb4 Rxc1 25. Nxc1 Bd8 26. Ncd3 Ba5 27. Qf2
Rc4 28. Qa7 b6 29. Na6 Rc2 30. Nc7 h6 31. Nb4 Qa3 32. Nxc2 1-0

[Event "Det Åbne Køgemesterskab 2010/11"]
[Site "Asgård Skole"]
[Date "2010.10.26"]
[Round "1.2"]
[White "Hansen, Mogens Egon"]
[Black "Andersen, Bjarne Hjorth"]
[Result "0-1"]
[WhiteElo "1267"]
[BlackElo "1988"]
[PlyCount "34"]
[EventDate "2010.??.??"]
[WhiteTeam "Køge Skakklub"]
[BlackTeam "Køge Skakklub"]

1. d4 Nf6 2. c4 g6 3. Nf3 Bg7 4. Nc3 d5 5. e3 O-O 6. Be2 c5 7. cxd5 Nxd5 8.
Nxd5 Qxd5 9. dxc5 Qxc5 10. O-O Nc6 11. a3 Bf5 12. Bd3 Rad8 13. Ne1 Ne5 14. Qc2
Nxd3 15. Qxc5 Nxc5 16. Nf3 Nb3 17. Ra2 Bb1 0-1

[Event "Det Åbne Køgemesterskab 2010/11"]
[Site "Asgård Skole"]
[Date "2010.10.26"]
[Round "1.3"]
[White "Henriksen, Karl Hildebrandt"]
[Black "Christensen, Peter"]
[Result "1/2-1/2"]
[WhiteElo "1316"]
[BlackElo "1336"]
[PlyCount "74"]
[EventDate "2010.??.??"]
[WhiteTeam "Køge Skakklub"]
[BlackTeam "Køge Skakklub"]

1. d4 d5 2. e3 Nf6 3. c4 c6 4. Nc3 a6 5. b3 Bg4 6. Be2 Bf5 7. Nf3 h6 8. Bb2 e6
9. Bd3 Bg4 10. c5 Be7 11. Na4 Nbd7 12. O-O O-O 13. Be2 Qc7 14. Nd2 Bf5 15. f4
Ne4 16. Bd3 Ndf6 17. Nf3 Ng4 18. Bc1 Bh7 19. h3 Ngf6 20. Qe1 Nh5 21. Bxe4 Bxe4
22. Nd2 f5 23. Nf3 Qd8 24. Bd2 Qe8 25. Nb6 Bxf3 26. Nxa8 Bxg2 27. Kxg2 Qg6+ 28.
Kh2 Rxa8 29. Rg1 Qf7 30. Ba5 Kh7 31. Rc1 Rg8 32. Rc2 Nf6 33. Rcg2 Ne4 34. Rg6
Bg5 35. fxg5 Qxg6 36. gxh6 Qxh6 37. Bc7 Ng5 1/2-1/2

[Event "Det Åbne Køgemesterskab 2010/11"]
[Site "Asgård Skole"]
[Date "2010.10.26"]
[Round "1.4"]
[White "Smidt-Nielsen, Henrik"]
[Black "Christensen, Verner"]
[Result "1/2-1/2"]
[WhiteElo "1892"]
[BlackElo "1958"]
[PlyCount "48"]
[EventDate "2010.??.??"]
[WhiteTeam "Køge Skakklub"]
[BlackTeam "Solrød Skakklub"]

1. g3 f5 2. Nf3 Nf6 3. Bg2 e6 4. O-O d5 5. b3 Bd6 6. d4 O-O 7. c4 c6 8. Ba3 Ne4
9. Bxd6 Qxd6 10. e3 Nd7 11. Qc2 Rb8 12. Nbd2 Ndf6 13. Ne5 Nxd2 14. Qxd2 Bd7 15.
c5 Qc7 16. f3 Be8 17. b4 Nd7 18. Nxd7 Qxd7 19. a4 Bg6 20. Ra3 Qc7 21. Qc3 Rfe8
22. f4 Bh5 23. Rf2 Qe7 24. Rb2 Rec8 1/2-1/2

[Event "Det Åbne Køgemesterskab 2010/11"]
[Site "Asgård Skole"]
[Date "2010.10.26"]
[Round "1.5"]
[White "Hald, Morten Hansen"]
[Black "Strømsgaard, Eske"]
[Result "1-0"]
[WhiteElo "1450"]
[BlackElo "1123"]
[PlyCount "57"]
[EventDate "2010.??.??"]
[WhiteTeam "Køge Skakklub"]
[BlackTeam "Køge Skakklub"]

1. e4 e5 2. f4 d6 3. Nf3 Nc6 4. Bc4 Be7 5. O-O Nf6 6. d3 Bg4 7. Qe1 Bxf3 8.
Rxf3 Nd4 9. Rf2 O-O 10. c3 Nc6 11. f5 d5 12. Bb3 dxe4 13. Be3 exd3 14. Rf3 e4
15. Rh3 Ne5 16. Nd2 Qd7 17. Qg3 Qxf5 18. Rf1 Qg4 19. Qxe5 Bd6 20. Qg5 Qxg5 21.
Bxg5 Rfe8 22. Kh1 Ng4 23. Bxf7+ Kh8 24. Bxe8 Rxe8 25. Nc4 Bc5 26. Ne3 Nxe3 27.
Bxe3 Bxe3 28. Rxe3 c5 29. Rxe4 1-0

[Event "Det Åbne Køgemesterskab 2010/11"]
[Site "Asgård Skole"]
[Date "2010.10.26"]
[Round "1.7"]
[White "Petersen, Henry"]
[Black "Svendsen, Svend Åge"]
[Result "0-1"]
[WhiteElo "1225"]
[BlackElo "1475"]
[PlyCount "76"]
[EventDate "2010.??.??"]
[WhiteTeam "Køge Skakklub"]
[BlackTeam "Køge Skakklub"]

1. e4 e5 2. Nf3 Nc6 3. Bc4 h6 4. Qe2 a6 5. Nc3 Nf6 6. a3 d6 7. d3 Bd7 8. h3 Be7
9. Be3 Qc8 10. O-O-O b5 11. Ba2 b4 12. Nd5 bxa3 13. bxa3 Rb8 14. Kd2 Na5 15.
Rb1 Nxd5 16. exd5 O-O 17. Rxb8 Qxb8 18. Rb1 Qa8 19. Qe1 f5 20. Ke2 Nb7 21. Bd2
a5 22. g3 Bf6 23. Qc1 e4 24. Ne1 exd3+ 25. Nxd3 Kh7 26. Nf4 Nc5 27. f3 Re8+ 28.
Kf2 Bd4+ 29. Kg2 g5 30. Nh5 Kg6 31. g4 f4 32. h4 Re2+ 33. Kh3 Qe8 34. Bxf4 Be3
35. Bxe3 Rxe3 36. Qf1 Qe4 37. Ng3 Bxg4+ 38. fxg4 Rf3 0-1

[Event "Det Åbne Køgemesterskab 2010/11"]
[Site "Asgård Skole"]
[Date "2010.10.26"]
[Round "1.8"]
[White "Carlsen, Erik"]
[Black "Hestehauge, Klaus"]
[Result "1-0"]
[WhiteElo "1952"]
[BlackElo "1986"]
[PlyCount "63"]
[EventDate "2010.??.??"]
[WhiteTeam "Køge Skakklub"]
[BlackTeam "Køge Skakklub"]

1. c4 e6 2. Nc3 d5 3. d4 Nf6 4. Nf3 Be7 5. Bf4 a6 6. e3 O-O 7. h3 Nbd7 8. c5 c6
9. Bd3 b5 10. b4 Bb7 11. O-O Qe8 12. Qc2 h6 13. Ne2 Kh8 14. a3 g5 15. Bh2 g4
16. Ne5 Rg8 17. Kh1 gxh3 18. gxh3 Ne4 19. Bxe4 dxe4 20. Qxe4 f5 21. Qf3 Bf6 22.
Rfd1 a5 23. Nc3 Ra7 24. e4 Bxe5 25. dxe5 Qf7 26. exf5 exf5 27. Qe3 Rg6 28. Rd6
Re6 29. Rad1 Nf8 30. Rxe6 Nxe6 31. Qxh6+ Kg8 32. Rg1+ 1-0

[Event "Det Åbne Køgemesterskab 2010/11"]
[Site "Asgård Skole"]
[Date "2010.11.02"]
[Round "2.1"]
[White "Carlsen, Erik"]
[Black "Krogh, Peter Ove"]
[Result "0-1"]
[WhiteElo "1952"]
[BlackElo "1917"]
[PlyCount "126"]
[EventDate "2010.??.??"]
[WhiteTeam "Køge Skakklub"]
[BlackTeam "Køge Skakklub"]

1. c4 Nf6 2. Nc3 c5 3. Nf3 Nc6 4. d4 cxd4 5. Nxd4 g6 6. e4 d6 7. Be2 Bg7 8. Be3
O-O 9. O-O a6 10. Rc1 Bd7 11. f3 Rc8 12. Qd2 h5 13. Nb3 Kh7 14. Rfd1 Be6 15.
Nd5 Nd7 16. h3 b6 17. Rc2 a5 18. a3 Nc5 19. Nxc5 bxc5 20. b4 axb4 21. axb4 Bxd5
22. cxd5 Nxb4 23. Rc4 Ra8 24. Qe1 Ra2 25. Rdc1 Ra3 26. Bd2 Nd3 27. Bxd3 Rxd3
28. Bc3 Bxc3 29. R4xc3 Rxc3 30. Qxc3 f6 31. Ra1 Qb6 32. Ra4 Kg7 33. Qa3 Kf7 34.
Ra6 Qb1+ 35. Kh2 Rb8 36. Qe3 g5 37. h4 Qb3 38. Qf2 Qb2 39. Qg3 Qe5 40. Qxe5
fxe5 41. hxg5 Kg6 42. Ra7 Re8 43. Kg3 Kxg5 44. Rc7 h4+ 45. Kh3 Kf4 46. Ra7 Rc8
47. Ra6 Rg8 48. Ra7 Rg7 49. Rb7 Ke3 50. Rb2 c4 51. Kxh4 c3 52. Ra2 Kd3 53. g4
c2 54. Ra3+ Kd2 55. Ra1 c1=Q 56. Rxc1 Kxc1 57. g5 Kd2 58. Kh5 Ke3 59. Kh6 Rg8
60. g6 Kxf3 61. Kh7 Rc8 62. g7 Kxe4 63. g8=Q Rxg8 0-1

[Event "Det Åbne Køgemesterskab 2010/11"]
[Site "Asgård Skole"]
[Date "2010.11.02"]
[Round "2.2"]
[White "Svendsen, Svend Åge"]
[Black "Hansen, Leif"]
[Result "1-0"]
[WhiteElo "1475"]
[BlackElo "1255"]
[PlyCount "87"]
[EventDate "2010.??.??"]
[WhiteTeam "Køge Skakklub"]
[BlackTeam "Køge Skakklub"]

1. e4 e6 2. d4 c6 3. Nf3 Bb4+ 4. c3 Ba5 5. Bd3 d5 6. e5 Nd7 7. Be3 Ne7 8. O-O
O-O 9. Qc2 g6 10. Bh6 Re8 11. Bg5 c5 12. a3 c4 13. Be2 Qc7 14. g4 Nc6 15. Qc1
Ndxe5 16. Nxe5 Nxe5 17. Bf6 Nd7 18. g5 e5 19. Bf3 Qd6 20. dxe5 Nxe5 21. Qf4 Bc7
22. Bxe5 Qxe5 23. Qxe5 Rxe5 24. h4 Be6 25. Nd2 b5 26. b4 Bb6 27. a4 bxa4 28.
Nxc4 Rf5 29. Nxb6 axb6 30. Kg2 b5 31. Be2 Bd7 32. f4 d4 33. cxd4 Rc8 34. Kg3
Rc3+ 35. Rf3 Rc2 36. Bd3 Rc3 37. Bxf5 Rxf3+ 38. Kxf3 Bxf5 39. Ke3 Kf8 40. d5
Ke7 41. Kd4 Kd6 42. Rc1 Bd7 43. Rc5 Be8 44. Rc8 1-0

[Event "Det Åbne Køgemesterskab 2010/11"]
[Site "Asgård Skole"]
[Date "2010.11.02"]
[Round "2.3"]
[White "Christensen, Verner"]
[Black "Andersen, Bjarne Hjorth"]
[Result "0-1"]
[WhiteElo "1958"]
[BlackElo "1988"]
[PlyCount "58"]
[EventDate "2010.??.??"]
[WhiteTeam "Solrød Skakklub"]
[BlackTeam "Køge Skakklub"]

1. e4 c6 2. Nc3 d5 3. Nf3 dxe4 4. Nxe4 Nf6 5. Nxf6+ gxf6 6. d4 Bg4 7. Bc4 e6 8.
Be3 Nd7 9. h3 Bh5 10. Qe2 Nb6 11. Bb3 Nd5 12. O-O-O Qc7 13. Kb1 O-O-O 14. g4
Nxe3 15. fxe3 Bg6 16. Rhg1 Be7 17. e4 Kb8 18. e5 f5 19. g5 Bh5 20. Qe3 Rhg8 21.
h4 c5 22. d5 exd5 23. Bxd5 c4 24. Qf4 Qc5 25. e6+ Bd6 26. Qxf5 fxe6 27. Qxe6
Rge8 28. Qh6 Bg6 29. h5 Bf8 0-1

[Event "Det Åbne Køgemesterskab 2010/11"]
[Site "Asgård Skole"]
[Date "2010.11.02"]
[Round "2.4"]
[White "Stuhr, Finn"]
[Black "Hald, Morten Hansen"]
[Result "0-1"]
[WhiteElo "1747"]
[BlackElo "1450"]
[PlyCount "82"]
[EventDate "2010.??.??"]
[WhiteTeam "Køge Skakklub"]
[BlackTeam "Køge Skakklub"]

1. e4 e5 2. Nf3 Nc6 3. Bb5 a6 4. Ba4 Nf6 5. O-O Nxe4 6. Re1 Nc5 7. Bxc6 dxc6 8.
Nxe5 Be6 9. Qf3 Be7 10. b3 O-O 11. Bb2 Bf6 12. d4 Nd7 13. Ng4 Re8 14. Nd2 Bxg4
15. Qxg4 Nc5 16. Nc4 Qd7 17. Ne3 Rxe3 18. Qh5 Rxe1+ 19. Rxe1 Ne6 20. g3 Qd5 21.
Qg4 h5 22. Qd1 Ng5 23. Re3 Nh3+ 24. Kf1 Qh1+ 25. Ke2 Qxd1+ 26. Kxd1 Nxf2+ 27.
Ke1 Ng4 28. Re2 c5 29. h3 Nh6 30. c3 cxd4 31. Rf2 dxc3 32. Bc1 Be5 33. Kd1 Bxg3
34. Rg2 Nf5 35. Kc2 Be5 36. Rg5 g6 37. Rg2 b5 38. Ba3 a5 39. Bc5 b4 40. a3 bxa3
41. Bxa3 Ne3+ 0-1

[Event "Det Åbne Køgemesterskab 2010/11"]
[Site "Asgård Skole"]
[Date "2010.11.02"]
[Round "2.6"]
[White "Christensen, Peter"]
[Black "Hansen, Mogens Egon"]
[Result "1/2-1/2"]
[WhiteElo "1336"]
[BlackElo "1267"]
[PlyCount "81"]
[EventDate "2010.??.??"]
[WhiteTeam "Køge Skakklub"]
[BlackTeam "Køge Skakklub"]

1. d4 d5 2. c4 c6 3. Nc3 Nf6 4. Bg5 e6 5. Nf3 Be7 6. e3 a6 7. Bd3 Nbd7 8. cxd5
cxd5 9. O-O O-O 10. h3 h6 11. Bf4 Re8 12. Ne5 Qb6 13. Qc2 Bd6 14. Rfb1 Nh5 15.
Bh2 Nhf6 16. Qe2 Qc7 17. f4 Nb6 18. Rc1 Qd8 19. Qf3 Nbd7 20. e4 dxe4 21. Nxe4
Nxe4 22. Bxe4 Qb6 23. Rd1 Bxe5 24. fxe5 Rb8 25. b3 Rf8 26. Qg4 Qd8 27. Qe2 Nb6
28. Rd3 Nd5 29. g4 Qg5 30. Rf1 Bd7 31. Bxd5 exd5 32. Bf4 Qe7 33. a4 b5 34. e6
Bxe6 35. Bxb8 Rxb8 36. Re3 Qb4 37. Qh2 Rc8 38. Qf4 bxa4 39. bxa4 Qxa4 40. g5
hxg5 41. Qxg5 1/2-1/2

[Event "Det Åbne Køgemesterskab 2010/11"]
[Site "Asgård Skole"]
[Date "2010.11.02"]
[Round "2.7"]
[White "Strømsgaard, Eske"]
[Black "Henriksen, Karl Hildebrandt"]
[Result "1-0"]
[WhiteElo "1123"]
[BlackElo "1316"]
[PlyCount "33"]
[EventDate "2010.??.??"]
[WhiteTeam "Køge Skakklub"]
[BlackTeam "Køge Skakklub"]

1. e4 c5 2. Nf3 b6 3. Bc4 Bb7 4. Nc3 e6 5. a3 Be7 6. d3 h6 7. O-O Nf6 8. Bf4
O-O 9. Qd2 g5 10. Be3 d5 11. exd5 exd5 12. Bxg5 dxc4 13. Bxh6 Ng4 14. Bxf8 Qxf8
15. dxc4 Bxf3 16. Qf4 Qg7 17. Qxf3 1-0

[Event "Det Åbne Køgemesterskab 2010/11"]
[Site "Asgård Skole"]
[Date "2010.11.02"]
[Round "2.8"]
[White "Vesterskov, Michael"]
[Black "Smidt-Nielsen, Henrik"]
[Result "0-1"]
[WhiteElo "1749"]
[BlackElo "1892"]
[PlyCount "42"]
[EventDate "2010.??.??"]
[WhiteTeam "Køge Skakklub"]
[BlackTeam "Køge Skakklub"]

1. e4 c5 2. Nf3 d6 3. d4 cxd4 4. Nxd4 Nf6 5. Nc3 a6 6. Bg5 e6 7. Qd2 Be7 8.
O-O-O Qc7 9. f4 Nbd7 10. Bd3 h6 11. Bh4 b5 12. Nf3 Bb7 13. a3 Nc5 14. Qe2 O-O
15. g4 d5 16. e5 Nfe4 17. Be1 Rac8 18. h4 Nxd3+ 19. Rxd3 b4 20. Nb1 a5 21. Nd4
Ba6 0-1

[Event "Det Åbne Køgemesterskab 2010/11"]
[Site "Asgård Skole"]
[Date "2010.10.16"]
[Round "3.7"]
[White "Christensen, Verner"]
[Black "Carlsen, Erik"]
[Result "0-1"]
[WhiteElo "1958"]
[BlackElo "1952"]
[PlyCount "96"]
[EventDate "2010.??.??"]
[WhiteTeam "Solrød Skakklub"]
[BlackTeam "Køge Skakklub"]

1. e4 c5 2. d4 cxd4 3. c3 dxc3 4. Nxc3 Nc6 5. Bc4 g6 6. Nf3 Bg7 7. O-O d6 8.
Qe2 Nf6 9. h3 O-O 10. Rd1 Nd7 11. Bf4 Nde5 12. Nxe5 Nxe5 13. Bb3 Be6 14. Nd5
Qd7 15. Bg5 Bxd5 16. Bxd5 e6 17. Bb3 Rfc8 18. Be3 Rc7 19. f4 Nc6 20. Rd2 Na5
21. Qd3 Nxb3 22. Qxb3 Qc6 23. Qd1 Qxe4 24. Re2 Qc6 25. Rc1 Qd7 26. Rxc7 Qxc7
27. Rc2 Qd8 28. Qc1 b6 29. Rc4 d5 30. Rc2 Bf8 31. Bd4 Bd6 32. g3 Bc5 33. Bxc5
bxc5 34. Rxc5 Qb6 35. Kg2 h6 36. Qc3 Rb8 37. b3 Qa6 38. Qc2 Rd8 39. Rc6 Qa3 40.
Qe2 d4 41. h4 Qa5 42. Rc4 d3 43. Qd1 Qxa2+ 44. Kh3 Qf2 45. Rc1 h5 46. Qh1 d2
47. Rd1 Rd3 48. Rg1 d1=Q 0-1

[Event "Det Åbne Køgemesterskab 2010/11"]
[Site "Asgård Skole"]
[Date "2010.10.16"]
[Round "3.3"]
[White "Hald, Morten Hansen"]
[Black "Vesterskov, Michael"]
[Result "0-1"]
[WhiteElo "1450"]
[BlackElo "1749"]
[PlyCount "82"]
[EventDate "2010.??.??"]
[WhiteTeam "Køge Skakklub"]
[BlackTeam "Køge Skakklub"]

1. d4 Nf6 2. Bg5 e6 3. e4 Be7 4. Nd2 d6 5. f4 h6 6. Bxf6 Bxf6 7. e5 dxe5 8.
dxe5 Be7 9. Qg4 O-O 10. O-O-O Qe8 11. Bd3 Qa4 12. Kb1 Nc6 13. Ne4 Nb4 14. Nc3
Qa5 15. Bc4 b5 16. Bb3 c5 17. Qf3 Rb8 18. a3 Na6 19. Ne4 c4 20. Ba2 Bb7 21. Ne2
Nc5 22. N2g3 Bd5 23. Rxd5 exd5 24. Nxc5 Bxc5 25. Qxd5 Qb6 26. Ne4 Bg1 27. h4
Rbd8 28. Nd6 Bc5 29. Rd1 Bxd6 30. exd6 Rd7 31. a4 bxa4 32. Bxc4 Rb8 33. b3 Qb4
34. Rd3 Re8 35. Bb5 Re1+ 36. Kb2 Rd8 37. Bxa4 Qxf4 38. Rd1 Rxd1 39. Qxd1 Rxd6
40. Qe1 Qd4+ 41. Kc1 Qa1# 0-1

[Event "Det Åbne Køgemesterskab 2010/11"]
[Site "Asgård Skole"]
[Date "2010.11.30"]
[Round "4.2"]
[White "Ambirk, Jan Robert"]
[Black "Andersen, Bjarne Hjorth"]
[Result "1/2-1/2"]
[WhiteElo "1825"]
[BlackElo "1988"]
[PlyCount "54"]
[EventDate "2010.??.??"]
[WhiteTeam "Vordingborg Skakklub"]
[BlackTeam "Køge Skakklub"]

1. e4 c6 2. d4 d5 3. Nc3 dxe4 4. Nxe4 Nd7 5. Nf3 Ngf6 6. Nxf6+ Nxf6 7. Bc4 Bf5
8. O-O e6 9. Re1 Be7 10. c3 Nd5 11. Bd3 Bxd3 12. Qxd3 Qc7 13. Bg5 Nf4 14. Bxf4
Qxf4 15. Qe3 Qxe3 16. Rxe3 O-O 17. Rd1 Rfd8 18. Red3 Bf6 19. Ne5 Kf8 20. f4 Be7
21. Kf1 f6 22. Nf3 Bd6 23. g3 Kf7 24. Re1 Rh8 25. Rde3 Rae8 26. Kg2 h6 27. Nd2
Bc7 1/2-1/2

[Event "Det Åbne Køgemesterskab 2010/11"]
[Site "Asgård Skole"]
[Date "2010.11.30"]
[Round "4.3"]
[White "Krogh, Peter Ove"]
[Black "Smidt-Nielsen, Henrik"]
[Result "0-1"]
[WhiteElo "1917"]
[BlackElo "1892"]
[PlyCount "116"]
[EventDate "2010.??.??"]
[WhiteTeam "Køge Skakklub"]
[BlackTeam "Køge Skakklub"]

1. c4 e5 2. Nc3 Nc6 3. e3 g6 4. d4 d6 5. d5 Nce7 6. g4 f5 7. gxf5 gxf5 8. Be2
Nf6 9. Bd2 Bd7 10. Qb3 Rb8 11. O-O-O c6 12. Kb1 cxd5 13. cxd5 a6 14. f3 b5 15.
a3 Bh6 16. f4 e4 17. Nh3 Qb6 18. Bc1 Rg8 19. Rhg1 Rxg1 20. Nxg1 a5 21. Na2 Qc5
22. Bd2 Qxd5 23. Qc3 Qe6 24. Qxa5 Ned5 25. Qa7 Rc8 26. Nb4 Nxb4 27. Bxb4 d5 28.
Qb7 Qc6 29. Qxc6 Bxc6 30. Rd2 Ng4 31. Bxg4 fxg4 32. Ne2 Bg7 33. Bc3 Bxc3 34.
Nxc3 Kf7 35. Rd4 Ke6 36. Rb4 h5 37. Nxb5 Bxb5 38. Rxb5 h4 39. Rb6+ Kf5 40. Rh6
d4 41. Rh5+ Kf6 42. exd4 e3 43. Re5 g3 44. hxg3 hxg3 45. Rxe3 Rg8 46. Re1 g2
47. Rg1 Kf5 48. d5 Kxf4 49. Kc2 Ke3 50. Kc3 Kf2 51. Rd1 g1=Q 52. Rxg1 Rxg1 53.
b4 Ke3 54. b5 Rc1+ 55. Kb4 Kd4 56. d6 Rb1+ 57. Ka5 Kc5 58. d7 Rxb5+ 0-1

[Event "Det Åbne Køgemesterskab 2010/11"]
[Site "Asgård Skole"]
[Date "2010.11.30"]
[Round "4.5"]
[White "Petersen, Henry"]
[Black "Hald, Morten Hansen"]
[Result "0-1"]
[WhiteElo "1225"]
[BlackElo "1450"]
[PlyCount "44"]
[EventDate "2010.??.??"]
[WhiteTeam "Køge Skakklub"]
[BlackTeam "Køge Skakklub"]

1. e4 e5 2. Nf3 Nc6 3. d4 exd4 4. Nxd4 Qh4 5. Nc3 Bb4 6. Qd3 Ne5 7. Qe3 d6 8.
Bd2 Bd7 9. O-O-O a6 10. h3 Bc5 11. f4 Ng4 12. Be1 Nxe3 13. Bxh4 Nxd1 14. Nd5
Rc8 15. Nf5 Bxf5 16. Kxd1 Bxe4 17. Nc3 Bc6 18. Bd3 Bxg2 19. Re1+ Kf8 20. Bf5
Re8 21. Ne4 Bxe4 22. Bxe4 c6 0-1

[Event "Det Åbne Køgemesterskab 2010/11"]
[Site "Asgård Skole"]
[Date "2010.11.30"]
[Round "4.6"]
[White "Christensen, Verner"]
[Black "Hestehauge, Klaus"]
[Result "1/2-1/2"]
[WhiteElo "1958"]
[BlackElo "1986"]
[PlyCount "39"]
[EventDate "2010.??.??"]
[WhiteTeam "Solrød Skakklub"]
[BlackTeam "Køge Skakklub"]

1. e4 c6 2. Nc3 d5 3. Nf3 dxe4 4. Nxe4 Nf6 5. Nxf6+ gxf6 6. d4 Bf5 7. Bf4 e6 8.
c3 Bd6 9. Bg3 Qc7 10. Qb3 Bxg3 11. hxg3 Nd7 12. O-O-O O-O-O 13. Nh4 Bg6 14.
Nxg6 hxg6 15. Be2 f5 16. Qa3 a6 17. Qe7 Nb6 18. Qc5 Nd7 19. Qe7 Nb6 20. Qc5
1/2-1/2

[Event "Det Åbne Køgemesterskab 2010/11"]
[Site "Asgård Skole"]
[Date "2010.11.30"]
[Round "4.8"]
[White "Vesterskov, Michael"]
[Black "Stuhr, Finn"]
[Result "0-1"]
[WhiteElo "1749"]
[BlackElo "1747"]
[PlyCount "36"]
[EventDate "2010.??.??"]
[WhiteTeam "Køge Skakklub"]
[BlackTeam "Køge Skakklub"]

1. e4 e5 2. Nf3 Nc6 3. Bb5 a6 4. Ba4 b5 5. Bb3 Nf6 6. O-O Be7 7. c3 O-O 8. Re1
d5 9. exd5 Nxd5 10. Nxe5 Nxe5 11. Rxe5 Bb7 12. Qf3 c6 13. Bxd5 cxd5 14. d4 Bd6
15. Re1 Qc7 16. h3 Rfe8 17. Rxe8+ Rxe8 18. Kf1 Qc4+ 0-1

[Event "Det Åbne Køgemesterskab 2010/11"]
[Site "Asgård Skole"]
[Date "2011.01.04"]
[Round "5.2"]
[White "Carlsen, Erik"]
[Black "Ambirk, Jan Robert"]
[Result "1-0"]
[WhiteElo "1952"]
[BlackElo "1825"]
[PlyCount "70"]
[EventDate "2011.??.??"]
[WhiteTeam "Køge Skakklub"]
[BlackTeam "Vordingborg Skakklub"]

1. c4 f5 2. d4 Nf6 3. g3 e6 4. Bg2 d5 5. Nc3 c6 6. c5 e5 7. e3 Nbd7 8. Nge2 Be7
9. O-O O-O 10. b4 Ne4 11. Bb2 Nxc3 12. Bxc3 Bf6 13. b5 Qe7 14. Re1 Re8 15. Qb3
Nf8 16. bxc6 bxc6 17. Qa4 Bd7 18. Rab1 Ne6 19. Rb7 exd4 20. Bxd4 Bxd4 21. exd4
Qd8 22. Bxd5 Qc8 23. Bxe6+ Rxe6 24. Qb3 Kh8 25. Kf1 Qe8 26. Qc3 Bc8 27. Rb2 Qh5
28. Nf4 Rxe1+ 29. Qxe1 Ba6+ 30. Kg1 Qg4 31. Kg2 Bc4 32. Qe5 Qd1 33. Rb8+ Rxb8
34. Qxb8+ Bg8 35. d5 g5 1-0

[Event "Det Åbne Køgemesterskab 2010/11"]
[Site "Asgård Skole"]
[Date "2011.01.04"]
[Round "5.3"]
[White "Henriksen, Karl Hildebrandt"]
[Black "Hald, Morten Hansen"]
[Result "0-1"]
[WhiteElo "1316"]
[BlackElo "1450"]
[PlyCount "66"]
[EventDate "2011.??.??"]
[WhiteTeam "Køge Skakklub"]
[BlackTeam "Køge Skakklub"]

1. d4 e5 2. dxe5 Nc6 3. Bf4 Qe7 4. a3 g5 5. Bg3 h5 6. h4 g4 7. e3 Nxe5 8. c3 d6
9. Qc2 Bd7 10. Nd2 Nh6 11. Ne2 O-O-O 12. e4 f5 13. O-O-O fxe4 14. Qxe4 Bf5 15.
Qe3 Nd3+ 16. Kb1 Qxe3 17. fxe3 Nf2+ 18. e4 Nxd1 19. exf5 Nxf5 20. Bf4 Nf2 21.
Rh2 Bh6 22. g3 Nd3 23. Bxh6 Rxh6 24. Bg2 Ne5 25. Be4 Rf8 26. Rf2 Rhf6 27. Bxf5+
Rxf5 28. Rxf5 Rxf5 29. Nf4 Kd7 30. Kc2 Rxf4 31. gxf4 Ng6 32. Nf1 Nxf4 33. Ng3
Ke6 0-1

[Event "Det Åbne Køgemesterskab 2010/11"]
[Site "Asgård Skole"]
[Date "2011.01.04"]
[Round "5.6"]
[White "Hestehauge, Klaus"]
[Black "Krogh, Peter Ove"]
[Result "1-0"]
[WhiteElo "1986"]
[BlackElo "1917"]
[PlyCount "88"]
[EventDate "2011.??.??"]
[WhiteTeam "Køge Skakklub"]
[BlackTeam "Køge Skakklub"]

1. d4 Nf6 2. Nf3 b6 3. Bg5 Ne4 4. Bf4 Bb7 5. Nbd2 e6 6. e3 Be7 7. Nxe4 Bxe4 8.
Bd3 f5 9. Bxe4 fxe4 10. Nd2 d5 11. Qg4 Kf7 12. O-O-O Nd7 13. f3 Nf6 14. Qh3 c6
15. Rhf1 Qg8 16. fxe4 Nxe4 17. Nxe4 dxe4 18. Qh5+ g6 19. Be5+ Ke8 20. Qg4 Kd7
21. Qxe4 Re8 22. Rf3 Rf8 23. Rdf1 Rf5 24. g4 Rf8 25. Rxf8 Bxf8 26. Bxh8 Qxh8
27. Qf4 Be7 28. Qf7 g5 29. Rf3 b5 30. Rh3 h6 31. Rf3 a5 32. Qg6 a4 33. a3 b4
34. axb4 Bxb4 35. Rf7+ Be7 36. Qh7 Qe8 37. Kd2 Kd8 38. Rxe7 Qxe7 39. Qxe7+ Kxe7
40. Kc3 Kd6 41. Kc4 e5 42. c3 e4 43. Kb4 Kd5 44. c4+ Kd6 1-0

[Event "Det Åbne Køgemesterskab 2010/11"]
[Site "Asgård Skole"]
[Date "2011.01.04"]
[Round "5.7"]
[White "Vesterskov, Michael"]
[Black "Hansen, Mogens Egon"]
[Result "1-0"]
[WhiteElo "1749"]
[BlackElo "1267"]
[PlyCount "81"]
[EventDate "2011.??.??"]
[WhiteTeam "Køge Skakklub"]
[BlackTeam "Køge Skakklub"]

1. e4 c5 2. Nf3 d6 3. d4 cxd4 4. Nxd4 Nf6 5. Nc3 a6 6. Bg5 e6 7. f4 Be7 8. Qf3
Nbd7 9. O-O-O Qc7 10. Bd3 b5 11. a3 Bb7 12. Rhe1 Rc8 13. Qe2 Qb6 14. Nb3 Nc5
15. Nxc5 Rxc5 16. Kb1 Qc7 17. Qd2 Rxc3 18. Qxc3 Qxc3 19. bxc3 O-O 20. e5 dxe5
21. fxe5 Nd5 22. Bxe7 Nxe7 23. g3 Nd5 24. Kb2 Rc8 25. Be4 Rc4 26. Rd4 h6 27.
Rxc4 bxc4 28. Rd1 Bc6 29. Rd4 Bb5 30. Bxd5 exd5 31. Rxd5 Kf8 32. Rd6 Ke7 33. a4
Bxa4 34. Rxa6 Bd7 35. Ka3 Be6 36. Kb4 g5 37. Kc5 Kf8 38. Kd6 Kg7 39. Ke7 Kg6
40. Rxe6+ fxe6 41. Kxe6 1-0

[Event "Det Åbne Køgemesterskab 2010/11"]
[Site "Asgård Skole"]
[Date "2011.01.04"]
[Round "5.8"]
[White "Hansen, Leif"]
[Black "Petersen, Henry"]
[Result "1/2-1/2"]
[WhiteElo "1255"]
[BlackElo "1225"]
[PlyCount "51"]
[EventDate "2011.??.??"]
[WhiteTeam "Køge Skakklub"]
[BlackTeam "Køge Skakklub"]

1. d4 Nf6 2. g3 d5 3. Bg2 e6 4. Bg5 Be7 5. Bxf6 Bxf6 6. Nf3 Nd7 7. c3 b6 8. O-O
Bb7 9. b4 b5 10. a4 bxa4 11. Qxa4 O-O 12. Qc2 Nb6 13. Nbd2 Qd7 14. Ne5 Bxe5 15.
dxe5 Rfc8 16. f4 c5 17. bxc5 Rxc5 18. e3 Qc7 19. Ra3 a6 20. Rc1 Rc8 21. Bf1 Qc6
22. Bd3 g6 23. e4 d4 24. c4 Qd7 25. Qb3 Qc6 26. Qd1 1/2-1/2

[Event "Det Åbne Køgemesterskab 2010/11"]
[Site "Asgård Skole"]
[Date "2011.01.11"]
[Round "6.2"]
[White "Vesterskov, Michael"]
[Black "Svendsen, Svend Åge"]
[Result "*"]
[WhiteElo "1749"]
[BlackElo "1475"]
[PlyCount "48"]
[EventDate "2011.??.??"]
[WhiteTeam "Køge Skakklub"]
[BlackTeam "Køge Skakklub"]

1. d4 d5 2. c4 e6 3. Nf3 Nf6 4. Nc3 c5 5. Bg5 cxd4 6. Nxd4 Be7 7. e3 O-O 8. Be2
dxc4 9. Bxc4 h6 10. Bh4 a6 11. Bb3 b5 12. Qf3 Ra7 13. Rd1 Qb6 14. O-O Rd7 15.
Qe2 Bb7 16. f3 Rfd8 17. Bf2 Bc5 18. Nc2 Bd5 19. Nxd5 Nxd5 20. Bxd5 Rxd5 21.
Rxd5 Rxd5 22. b4 Qd8 23. bxc5 Rd2 24. Qe1 Rxc2 *